| 000 | 00847cam a2200217 4500 | ||
|---|---|---|---|
| 001 | ABS66499 | ||
| 008 | 030404n2003 000 0 eng u | ||
| 035 | _a(Sirsi) u121910 | ||
| 100 | _aGilbertson, B. | ||
| 245 | _aThree routes to outperformance | ||
| 260 | _c2003 | ||
| 490 |
_aEstates Gazette _v(0313) 29 March 2003, 102-103(2) |
||
| 520 | _aDescribes which areas property businesses, like any other business, should concentrate on in order to improve the company's performance and succeed against rival firms. Covers the core values of teamwork, excellence and leadership that will help a business gain and keep clients. | ||
| 590 | _aABS | ||
| 650 | _aMANAGEMENT PRACTICES | ||
| 650 | _aBUSINESS ADVICE | ||
| 650 | _aBUSINESS DEVELOPMENT | ||
| 650 | _aMANAGEMENT SKILLS | ||
| 690 | _aMANAGEMENT-BUSINESS MANAGEMENT | ||
| 942 | _n0 | ||
| 999 |
_c72455 _d72455 |
||